Sam Walton : (Record no. 599)

MARC details
000 -LEADER
fixed length control field 00651nam a2200217 a 4500
005 - DATE AND TIME OF LATEST TRANSACTION
control field 20260322212026.0
008 - FIXED-LENGTH DATA ELEMENTS--GENERAL INFORMATION
fixed length control field data
010 ## - LIBRARY OF CONGRESS CONTROL NUMBER
LC control number 90-038232
020 ## - INTERNATIONAL STANDARD BOOK NUMBER
International Standard Book Number 0525249222
020 ## - INTERNATIONAL STANDARD BOOK NUMBER
International Standard Book Number 9780525249221
040 ## - CATALOGING SOURCE
Original cataloging agency Donation
099 ## - LOCAL FREE-TEXT CALL NUMBER (OCLC)
Classification number WALTOSI
001 - CONTROL NUMBER
control field data
100 1# - MAIN ENTRY--PERSONAL NAME
Personal name Trimble, Vance H.
245 10 - TITLE STATEMENT
Title Sam Walton :
Remainder of title the inside story of America's richest man /
Statement of responsibility, etc. Vance H. Trimble.
260 ## - PUBLICATION, DISTRIBUTION, ETC.
Place of publication, distribution, etc. New York, N.Y., U.S.A.
Name of publisher, distributor, etc. Dutton
Date of publication, distribution, etc. 1990
300 ## - PHYSICAL DESCRIPTION
Extent xiii, 319, [16] p. of plates :
Other physical details ill. ;
Dimensions 24 cm.
650 #4 - SUBJECT ADDED ENTRY--TOPICAL TERM
Topical term or geographic name entry element Businessmen
Geographic subdivision United States
Form subdivision biography
650 #4 - SUBJECT ADDED ENTRY--TOPICAL TERM
Topical term or geographic name entry element Wal-Mart (Firm)
General subdivision psychology
Geographic subdivision United States
Form subdivision biography
650 #4 - SUBJECT ADDED ENTRY--TOPICAL TERM
Topical term or geographic name entry element Walton, Sam, 1918-
Holdings
Withdrawn status Lost status Damaged status Not for loan Home library Current library Shelving location Date acquired Total checkouts Full call number Barcode Date last seen Price effective from Koha item type
        Franklin Franklin General stacks 22/03/2026   GEN BC0010614 22/03/2026 22/03/2026 Books